Les pays qui ont envoyé un humain dans l'espace - Statistiques

Statistiques générales
  • Ce quiz a été pris 133 fois
  • Le résultat moyen est 29 sur 41
Statistiques - réponses
Pays qui ont envoyé un Homme dans l'espace % Correct
Etats-Unis
99%
France
99%
Allemagne de l'Ouest
95%
Chine
95%
Japon
95%
Royaume-Uni
95%
Russie
95%
Espagne
93%
Canada
92%
Italie
92%
Mexique
91%
Brésil
89%
Corée du Sud
86%
Inde
85%
Suède
85%
Belgique
81%
Pologne
81%
Pays Bas
75%
Suisse
74%
Autriche
73%
Danemark
71%
Ukraine
70%
Afrique du Sud
69%
URSS
69%
Roumanie
65%
Hongrie
63%
Arabie Saoudite
59%
Iran
58%
Slovaquie
56%
Bulgarie
55%
Israel
53%
Kazakhstan
53%
Allemagne de l'Est
45%
Emirats Arabes Unis
45%
Viêt Nam
45%
Cuba
44%
Mongolie
43%
Malaisie
34%
Syrie
32%
Tchécoslovaquie
31%
Afghanistan
24%
Aucun quiz correspondant
Distribution des résultats
% des personnes avec chaque résultat
Percentile par nombre de réponses
Votre historique - résultats
Vous n’avez pas pris ce quiz